100 best poems in the English language.

Bibliographic Details
Main Author: Graham, Stephen, 1884-1975
Format: Book
Language:English
Published: London : Benn, [1952]
Subjects:

MARC

Tag First Indicator Second Indicator Subfields
LEADER 00000cam a2200000 4500
001 in00000023205
005 20151007064327.0
008 770228s1952 enk 00000 engm
010 |a  53007820  
035 |a (OCoLC)02764884 
035 |9 AAD9582AM 
040 |a DLC  |c FDA  |d FDA  |d TXA  |d UtOrBLW 
049 |a TXAM  |c [222048] 
050 0 0 |a PR1175  |b .G67 
082 0 |a 821.082 
092 |a 821.08  |b G742o 
100 1 |a Graham, Stephen,  |d 1884-1975. 
245 1 0 |a 100 best poems in the English language. 
264 1 |a London :  |b Benn,  |c [1952] 
300 |a 288 pages ;  |c 19 cm. 
336 |a text  |b txt  |2 rdacontent 
337 |a unmediated  |b n  |2 rdamedia 
338 |a volume  |b nc  |2 rdacarrier 
650 0 |a English poetry. 
999 |a MARS 
999 f f |s 9eeee543-334e-3438-b71a-d4c5c8a43fec  |i 40ace298-f2fe-319a-8040-b0918c237126  |t 0 
952 f f |p normal  |a Texas A&M University  |b College Station  |c Sterling C. Evans Library  |d Evans: Library Stacks  |t 0  |e PR1175 .G67  |h Library of Congress classification  |i unmediated -- volume  |m A14801291198 
998 f f |a PR1175 .G67  |t 0  |l Evans: Library Stacks